000 00659nam a22002052 4500
001 0000006346
005 20151217145832.0
008 071022s xx 000 0 eng d
020 _a1405116633 :
_cKES 9350
040 _aKABU
_cKABU
100 1 _aNewton, Lisa H.
_@0000151402
245 1 0 _aBusiness ethics and the natural environment /
_cLisa H. Newton.
260 _aOxford :
_bBlackwell,
_c2005.
300 _axiv, 259 p.
650 0 _aIndustrial management
_xEnvironmental aspects.
_@0000150568
650 0 _aSocial responsibility of business.
_@0000150871
908 _a071022
950 _@1
999 _c3112
_d3112